| 000 | 00944njm a2200349 c 4500 | ||
|---|---|---|---|
| 001 | |||
| 003 | DO-SdBNP | ||
| 005 | 20220916134413.0 | ||
| 008 | 160127s 2008 sp d spa | ||
| 015 | _a | ||
| 017 |
_a _b |
||
| 020 | _a9788497645720 | ||
| 035 | _a | ||
| 040 |
_aBPMSU _bspa _cBPMSU _e |
||
| 082 |
_a923.172 _bM688C 2005 _222 |
||
| 084 |
_a _2 |
||
| 100 | 1 |
_aCruz García, Álvaro. _d _4 |
|
| 240 | 1 | 0 |
_a _n _r |
| 245 | 1 | 0 |
_aMoctezuma / _cÁlvaro Cruz García. |
| 260 |
_aMadrid : _bEdimat Libros, _c2008 |
||
| 300 |
_a191 p. ; _c23 cm. _e _b |
||
| 490 | 0 | _aGrandes biografías | |
| 500 | _a Incluye cronología. | ||
| 500 | _aGlosario : p. 193-198. | ||
| 504 | _aBibliografía. p.: 183-184 | ||
| 505 | 0 | _a | |
| 590 | _6Inventariado, 2022/VM | ||
| 600 | 1 | 4 |
_aMoctezuma, _bII _d1466-1520. _cEmperador de México, _v |
| 651 | 4 |
_aMéxico _x Historia _y1467-1520. |
|
| 910 | _aVMateo V./Validado | ||
| 942 |
_2ddc _cBK |
||
| 999 |
_c14266 _d14266 |
||